Justificación de la filosofía / (Record no. 20875)

MARC details
000 -LEADER
campo de control de longitud fija 00679nam a2200217 i 4500
001 - NÚMERO DE CONTROL
campo de control 20875
003 - IDENTIFICADOR DE NÚMERO DE CONTROL
campo de control ES-MaACL
005 - FECHA Y HORA DE LA ÚLTIMA TRANSACCIÓN
campo de control 20230906152359.0
007 - CAMPO FIJO DE DESCRIPCIÓN FÍSICA--INFORMACIÓN GENERAL
campo de control de longitud fija t|
008 - DATOS DE LONGITUD FIJA--INFORMACIÓN GENERAL
campo de control de longitud fija 021119s1964 sp ||||1| spa d
100 1# - ENTRADA PRINCIPAL--NOMBRE DE PERSONA
Nombre de persona Adorno, Theodor W.
9 (RLIN) 18468
245 10 - MENCIÓN DEL TÍTULO
Título Justificación de la filosofía /
Mención de responsabilidad, etc. Theodor W. Adorno ; traducción del P. Jesús Aguirre.
260 ## - PUBLICACIÓN, DISTRIBUCIÓN, ETC.
Lugar de publicación, distribución, etc. Madrid :
Nombre del editor, distribuidor, etc. Taurus,
Fecha de publicación, distribución, etc. 1964.
300 ## - DESCRIPCIÓN FÍSICA
Extensión 68 p. ;
Dimensiones 19 cm.
490 1# - MENCIÓN DE SERIE
Mención de serie Cuadernos Taurus ;
Designación de volumen o secuencia 60
700 1# - ENTRADA AGREGADA--NOMBRE PERSONAL
Nombre de persona Aguirre, Jesús,
Títulos y otros términos asociados al nombre Duque de Alba.
9 (RLIN) 125561
830 0# - PUNTO DE ACCESO ADICIONAL DE SERIE-TÍTULO UNIFORME
Título uniforme Cuadernos Taurus ;
Designación de volumen o secuencia 60
9 (RLIN) 180748
852 ## - LOCALIZACIÓN
Ubicación ES-MaACL
Número de control de estantería C-27230
Sublocalización o colección R.56139
852 ## - LOCALIZACIÓN
Ubicación ES-MaACL
Número de control de estantería C-28221
Sublocalización o colección R.55846
Holdings
Estatus retirado Estado de pérdida Estado de daño No para préstamo Biblioteca de origen Biblioteca actual Ubicación en estantería Fecha de adquisición Fuente de adquisición Total de préstamos Signatura topográfica completa Código de barras Visto por última vez Precio de reemplazo Tipo de ítem Koha
        Biblioteca del Ateneo de Madrid Biblioteca del Ateneo de Madrid Depósito 2 17/01/2008     C-28221 1021438 23/02/2023 23/02/2023 Libro impreso
        Biblioteca del Ateneo de Madrid Biblioteca del Ateneo de Madrid Depósito 2 17/01/2008     C-27230 1021437 23/02/2023 23/02/2023 Libro impreso